Climate, chaos and COVID (Record no. 49725)
[ view plain ]
| 000 -LEADER | |
|---|---|
| fixed length control field | 03047nam a2200385 a 4500 |
| 003 - CONTROL NUMBER IDENTIFIER | |
| control field | WSP |
| 005 - DATE AND TIME OF LATEST TRANSACTION | |
| control field | 20260416153407.0 |
| 008 - FIXED-LENGTH DATA ELEMENTS--GENERAL INFORMATION | |
| fixed length control field | 220708s2023 enk ob 001 0 eng d |
| 020 ## - INTERNATIONAL STANDARD BOOK NUMBER | |
| International Standard Book Number | 9781800613058 |
| -- | (ebook) |
| 020 ## - INTERNATIONAL STANDARD BOOK NUMBER | |
| International Standard Book Number | 1800613059 |
| -- | (ebook) |
| 020 ## - INTERNATIONAL STANDARD BOOK NUMBER | |
| Cancelled/invalid ISBN | 9781800613041 |
| -- | (hbk.) |
| 072 #7 - SUBJECT CATEGORY CODE | |
| Subject category code | MAT |
| Subject category code subdivision | 003000 |
| Source | bisacsh |
| 072 #7 - SUBJECT CATEGORY CODE | |
| Subject category code | MAT |
| Subject category code subdivision | 025000 |
| Source | bisacsh |
| 072 #7 - SUBJECT CATEGORY CODE | |
| Subject category code | MAT |
| Subject category code subdivision | 000000 |
| Source | bisacsh |
| 082 04 - DEWEY DECIMAL CLASSIFICATION NUMBER | |
| Classification number | 511/.8 |
| Edition number | 23 |
| 049 ## - LOCAL HOLDINGS (OCLC) | |
| Holding library | MAIN |
| 100 1# - MAIN ENTRY--PERSONAL NAME | |
| Personal name | Budd, C. J. |
| 245 10 - TITLE STATEMENT | |
| Title | Climate, chaos and COVID |
| Remainder of title | how mathematical models describe the universe / |
| Statement of responsibility, etc | Chris Budd. |
| 260 ## - PUBLICATION, DISTRIBUTION, ETC. (IMPRINT) | |
| Place of publication, distribution, etc | London : |
| Name of publisher, distributor, etc | World Scientific, |
| Date of publication, distribution, etc | c2023. |
| 300 ## - PHYSICAL DESCRIPTION | |
| Extent | 1 online resource (xvi, 295 p.) |
| 505 0# - FORMATTED CONTENTS NOTE | |
| Contents | How mathematics models real life -- Why did the mathematician cross the road? -- Maths saves the whales! -- How mathematics helped in the fight against COVID-19 -- Can mathematics predict the future? -- The mathematics of climate change -- Energetic mathematics -- Mathematical food for thought -- Material mathematics -- Mathematics goes into space. |
| 520 ## - SUMMARY, ETC. | |
| Summary, etc | "Mathematical models are very much in the news now, as they are used to make decisions about our response to such vital areas as COVID-19 and climate change. Frequently, they are blamed for a series of dubious decisions, creating much concern amongst the general public. However, without mathematical models, we would have none of the modern technology that we take for granted, nor would we have modern health care, be able to forecast the climate, cook a potato, have electricity to power our home, or go into space. By explaining technical mathematical concepts in a way that everyone can understand and appreciate, Climate, Chaos and COVID: How Mathematical Models Describe the Universe sets the record straight and lifts the lid off the mystery of mathematical models. It shows why they work, how good they can be, the advantages and disadvantages of using them and how they make the modern world possible. The readers will be able to see the impact that the use of these models has on their lives, and will be able to appreciate both their power and their limitations. The book includes a very large number of both short and long case studies, many of which are taken directly from the author's own experiences of working as a mathematical modeller in academia, in industry, and between the two. These include COVID-19 and climate and how maths saves the whales, powers our home, gives us the material we need to live, and takes us into space"-- |
| 650 #0 - SUBJECT ADDED ENTRY--TOPICAL TERM | |
| Topical term or geographic name as entry element | Mathematical models |
| 856 40 - ELECTRONIC LOCATION AND ACCESS | |
| Uniform Resource Identifier | <a href="https://www.worldscientific.com/worldscibooks/10.1142/q0385#t=toc">https://www.worldscientific.com/worldscibooks/10.1142/q0385#t=toc</a> |
| 942 ## - ADDED ENTRY ELEMENTS (KOHA) | |
| Koha item type | Electronic Books |
| 100 1# - MAIN ENTRY--PERSONAL NAME | |
| Fuller form of name | (Christopher J.) |
| 504 ## - BIBLIOGRAPHY, ETC. NOTE | |
| Bibliography, etc | Includes bibliographical references and index. |
| 520 ## - SUMMARY, ETC. | |
| -- | Publisher's website. |
| 538 ## - SYSTEM DETAILS NOTE | |
| System details note | Mode of access: World Wide Web. |
| 538 ## - SYSTEM DETAILS NOTE | |
| System details note | System requirements: Adobe Acrobat Reader. |
| 650 #0 - SUBJECT ADDED ENTRY--TOPICAL TERM | |
| General subdivision | Social aspects. |
| 655 #0 - INDEX TERM--GENRE/FORM | |
| Genre/form data or focus term | Electronic books. |
| Withdrawn status | Lost status | Source of classification or shelving scheme | Damaged status | Not for loan | Home library | Location | Date of Cataloging | Total Checkouts | Full call number | Barcode | Date last seen | Uniform Resource Identifier | Price effective from | Koha item type |
|---|---|---|---|---|---|---|---|---|---|---|---|---|---|---|
| Dewey Decimal Classification | CUTN Central Library | CUTN Central Library | 16/04/2026 | 511/.8 | EB04939 | 16/04/2026 | https://doi.org/10.1142/q0385 | 16/04/2026 | Electronic Books |
